000 00292nam a2200097Ia 4500
008 220204s9999 xx 000 0 und d
082 _a002.24375
_bIND
245 0 _aResearch and development in physics and mathematical sciences
260 _aBangalore
_bIndian Inst of Science
_c1984
942 _cBK
999 _c44967
_d44967